000 00466nam a2200169Ia 4500
003 GCL
008 140319s9999 xx 000 0 ara d
040 _aGCL /
_cGCL
082 0 4 _a811.009001
_bع ع
100 1 _aعلى هاشم رشيد
245 1 0 _aعلى غير موعد /
_cعلى هاشم رشيد
260 _a[S.N] :
_bدار الشباب للنشر ،
_c1987
300 _a172 ص
490 _a
650 0 4 _aالشعر الغزلى
942 _2ddc
_cBK
999 _c53163
_d53163